<?xml version="1.0" encoding="UTF-8"?>
<marc:record xmlns:marc="http://www.loc.gov/MARC21/slim">
   <marc:leader>00000nam a2200000 a 4500</marc:leader>
   <marc:datafield ind1="1" ind2=" " tag="100">
      <marc:subfield code="a">Kiesewetter, Marion</marc:subfield>
      <marc:subfield code="4">ctb</marc:subfield>
      <marc:subfield code="e">Mitwirkende/-r</marc:subfield>
   </marc:datafield>
   <marc:datafield ind1="1" ind2=" " tag="100">
      <marc:subfield code="a">Sonnenberg, Ursula</marc:subfield>
      <marc:subfield code="4">ctb</marc:subfield>
      <marc:subfield code="e">Mitwirkende/-r</marc:subfield>
   </marc:datafield>
   <marc:datafield ind1="1" ind2=" " tag="100">
      <marc:subfield code="a">Kellner, Hans Dieter</marc:subfield>
      <marc:subfield code="4">ill</marc:subfield>
      <marc:subfield code="e">Illustrator/-in</marc:subfield>
   </marc:datafield>
   <marc:datafield ind1=" " ind2=" " tag="653">
      <marc:subfield code="a">Backen</marc:subfield>
   </marc:datafield>
   <marc:datafield ind1=" " ind2=" " tag="653">
      <marc:subfield code="a">Schleswig-Holstein</marc:subfield>
   </marc:datafield>
   <marc:datafield ind1=" " ind2=" " tag="653">
      <marc:subfield code="a">Norddeutschland</marc:subfield>
   </marc:datafield>
   <marc:datafield ind1=" " ind2=" " tag="653">
      <marc:subfield code="a">Winter</marc:subfield>
   </marc:datafield>
   <marc:datafield ind1=" " ind2=" " tag="653">
      <marc:subfield code="a">Weihnachten</marc:subfield>
   </marc:datafield>
   <marc:datafield ind1=" " ind2=" " tag="653">
      <marc:subfield code="a">Café</marc:subfield>
   </marc:datafield>
   <marc:datafield ind1=" " ind2=" " tag="653">
      <marc:subfield code="a">Kuchen</marc:subfield>
   </marc:datafield>
   <marc:datafield ind1=" " ind2=" " tag="653">
      <marc:subfield code="a">Torten</marc:subfield>
   </marc:datafield>
   <marc:datafield ind1=" " ind2=" " tag="653">
      <marc:subfield code="a">Kekse</marc:subfield>
   </marc:datafield>
   <marc:datafield ind1=" " ind2=" " tag="653">
      <marc:subfield code="a">Getränke</marc:subfield>
   </marc:datafield>
   <marc:datafield ind1=" " ind2=" " tag="653">
      <marc:subfield code="a">Softcover / Ratgeber/Essen</marc:subfield>
   </marc:datafield>
   <marc:datafield ind1=" " ind2=" " tag="653">
      <marc:subfield code="a">Trinken/Länderküchen</marc:subfield>
   </marc:datafield>
   <marc:datafield ind1=" " ind2=" " tag="653">
      <marc:subfield code="a">Kochbuch</marc:subfield>
   </marc:datafield>
   <marc:datafield ind1="0" ind2="0" tag="245">
      <marc:subfield code="a">Winterlich Süßes aus norddeutschen Cafés</marc:subfield>
   </marc:datafield>
   <marc:datafield ind1="0" ind2="0" tag="245">
      <marc:subfield code="c">Marion Kiesewetter. Fotos von Ursula Sonnenberg und Hans Dieter Kellner</marc:subfield>
   </marc:datafield>
   <marc:datafield ind1=" " ind2="1" tag="264">
      <marc:subfield code="a">Heide</marc:subfield>
      <marc:subfield code="b">Boyens</marc:subfield>
      <marc:subfield code="c">2013</marc:subfield>
   </marc:datafield>
   <marc:datafield ind1="1" ind2=" " tag="520">
      <marc:subfield code="a">Angaben aus der Verlagsmeldung

Winterlich Süßes : Lieblingsgebäck aus norddeutschen Cafés / von Marion Kiesewetter

Besonders wenn die Tage kürzer werden und die Luft kühler wird, steigt die Lust auf Süßes. Was gibt es Schöneres, als sich nach einem ausgedehnten Spaziergang an einem eisigen Wintertag in der warmen Stube bei Kerzenschein eine heiße Schokolade und ein Stück nach Zimt duftenden Apfelkuchen schmecken zu lassen?
Marion Kiesewetter hat für dieses Backbuch wieder zehn gemütliche norddeutsche Cafés besucht, die insgesamt ca. 50 köstliche Rezepte verraten haben. Schon beim Betrachten der unwiderstehlichen Fotos steigt dem Betrachter förmlich der Duft von Zimt und Nelken in die Nase. Ob Kekse, Stollen, Torte mit Nuss und Marzipan, Waffeln oder Futjes, hier finden Sie die leckersten Rezepte für winterliches Gebäck, das besonders in der dunklen Zeit zwischen November und Februar schmeckt. Heiße Getränke mit und ohne Alkohol wie Fliederbeerpunsch, Eiergrog oder „Tote Tante“ wärmen zusätzlich die Seele. Stimmungsvolle Landschaftsfotos fangen die besondere Schönheit der Winterzeit in Norddeutschland ein.
Sie lassen sich lieber vor Ort in den kuscheligen Cafés verwöhnen statt selber zu backen? Nur zu! Finden Sie Ihr Lieblingsrezept oder auch Ihren Favoriten unter den Cafés, um der kalten Jahreszeit zu trotzen! Hier ist für jeden etwas dabei.
</marc:subfield>
   </marc:datafield>
   <marc:datafield ind1=" " ind2=" " tag="020">
      <marc:subfield code="a">9783804213883</marc:subfield>
      <marc:subfield code="9">9783804213883</marc:subfield>
   </marc:datafield>
   <marc:datafield ind1=" " ind2=" " tag="041">
      <marc:subfield code="a">ger</marc:subfield>
   </marc:datafield>
   <marc:datafield ind1=" " ind2=" " tag="300">
      <marc:subfield code="a">112 S.</marc:subfield>
   </marc:datafield>
</marc:record>
